logo

Bir Sreshtho Munshi Abdur Rouf Library
Jhenaidah Cadet College

The high performance entrepreneur / (Record no. 12008)

MARC details
000 -LEADER
fixed length control field 00659nam a22002537a 4500
001 - CONTROL NUMBER
JCCL Control Number 12008
003 - CONTROL NUMBER IDENTIFIER
JCCL marc code BD-JhCC
005 - DATE AND TIME OF LATEST TRANSACTION
control field 20210930134021.0
008 - FIXED-LENGTH DATA ELEMENTS--GENERAL INFORMATION
fixed length control field 210303s2006 USA |||| |||| 000 0 eng d
020 ## - INTERNATIONAL STANDARD BOOK NUMBER
International Standard Book Number 9780143064268
035 ## - SYSTEM CONTROL NUMBER
system control number (BD-JhCC)12008
040 ## - CATALOGING SOURCE
Original cataloging agency BD-JhCC
Modifying agency BD-JhCC
041 ## - LANGUAGE CODE
Language code of Book eng
082 ## - DEWEY DECIMAL CLASSIFICATION NUMBER
Classification number 338.005
Author mark and Year BAG 2006
100 ## - MAIN ENTRY--PERSONAL NAME
Personal name Bagchi, Subroto
245 ## - TITLE STATEMENT
Title The high performance entrepreneur /
Statement of responsibility, etc Subroto Bagchi
260 ## - PUBLICATION, DISTRIBUTION, ETC. (IMPRINT)
Place of publication, distribution, etc USA :
Name of publisher, distributor, etc Penguin Random House,
Date of publication, distribution, etc 2006.
300 ## - PHYSICAL DESCRIPTION
Pagination ix, 244 p. :
Dimensions 21 cm.
504 ## - BIBLIOGRAPHY, ETC. NOTE
Bibliography, etc Includes Reference
650 ## - SUBJECT ADDED ENTRY--TOPICAL TERM
Topical term or geographic name as entry element Self-employed
650 ## - SUBJECT ADDED ENTRY--TOPICAL TERM
Topical term or geographic name as entry element Business
650 ## - SUBJECT ADDED ENTRY--TOPICAL TERM
Topical term or geographic name as entry element Entrepreneur
942 ## - ADDED ENTRY ELEMENTS (KOHA)
Source of classification or shelving scheme Dewey Decimal Classification
Koha item type Books
Koha issues (borrowed), all copies 2
Holdings
Source of classification or shelving scheme Damaged status Not for loan Home library Current library Shelving location Date of accession Cost, normal purchase price Total Checkouts Full call number Barcode Date last seen Date checked out Copy number Koha item type
Dewey Decimal Classification     JCC Rouf Library JCC Rouf Library General Stacks 03/03/2021 595.00 2 338.005 BAG 2006 16566 03/16/2023 01/30/2023 C-1 Books

JCC Library | Contacts | JCC Home

Last Update on 23 September 2017
Copyright @ 2017-2020 JCC Rouf Library
Rouf Library, Jhenidah Cadet College (JCC), Bangladesh